ბათუმის შოთა რუსთაველის სახელმწიფო უნივერსიტეტის ბიბლიოთეკა

The Review of Politics: Volume 78, №4. (ბიბ.ჩანაწერი № 52834)

000 -LEADER
fixed length control field 00553nam a2200205Ia 4500
001 - CONTROL NUMBER
control field 19864
003 - CONTROL NUMBER IDENTIFIER
control field GE_BSU
008 - FIXED-LENGTH DATA ELEMENTS--GENERAL INFORMATION
fixed length control field 181216s||||||||xx |||||||||||||| ||und||
040 ## - CATALOGING SOURCE
Transcribing agency GE_BSU
245 #4 - TITLE STATEMENT
Title The Review of Politics: Volume 78, №4.
245 ## - TITLE STATEMENT
Statement of responsibility, etc. Editor:CATHERINE H. ZUCKERT.
260 ## - PUBLICATION, DISTRIBUTION, ETC.
Place of publication, distribution, etc. Cambridge
260 ## - PUBLICATION, DISTRIBUTION, ETC.
Name of publisher, distributor, etc. Cambridge University Press,
260 ## - PUBLICATION, DISTRIBUTION, ETC.
Date of publication, distribution, etc. 2016
300 ## - PHYSICAL DESCRIPTION
Extent 686p;ill;18cm.
653 ## - INDEX TERM--UNCONTROLLED
Uncontrolled term The Review of Politics: Volume 78, №4.
653 ## - INDEX TERM--UNCONTROLLED
Uncontrolled term ნაჩუქარი
653 ## - INDEX TERM--UNCONTROLLED
Uncontrolled term პერიოდიკა
942 ## - ADDED ENTRY ELEMENTS (KOHA)
Koha item type პერიოდიკა
ეგზემპლარები
Withdrawn status Lost status Damaged status Not for loan Date acquired Barcode Date last seen Price effective from Koha item type
        2018-12-17 პ78320 2018-12-17 2018-12-17 პერიოდიკა